| 000 | 00540nam a2200217Ia 4500 | ||
|---|---|---|---|
| 003 | 0100 | ||
| 008 | 130227s9999 xx 000 0 und d | ||
| 040 | _cARRUPELIB | ||
| 050 | _aHD8039.D52R433 1978 | ||
| 100 | _aClarke, Duncan G. | ||
| 245 | _aDomestic workers in Rhodesia | ||
| 245 | _bthe economics of masters and servants | ||
| 260 | _aGweru | ||
| 260 | _bMambo Press | ||
| 260 | _C1978 | ||
| 300 | _a88p. | ||
| 300 | _b 22cm. | ||
| 440 | _aSocio - Economics No.1 | ||
| 650 | _bLatin poetry (Selections) | ||
| 942 |
_2lcc _01 |
||
| 999 |
_c4871 _d4871 |
||